Vista normal Vista MARC
  • telemàtica

Entrada Terme temàtic

Nombre de registres utilitzats a: 17

001 - NÚMERO DE CONTROL

  • campo de control: 62525

003 - IDENTIFICADOR DE NÚMERO DE CONTROL

  • campo de control: OSt

005 - FECHA Y HORA DE LA ÚLTIMA TRANSACCIÓN

  • campo de control: 20210930002321.0

008 - ELEMENTOS DE DATO DE LONGITUD-FIJA

  • campo de control de longitud fija: 210929|| aca||aabn | a|a d

040 ## - FUENTE DE CATALOGACIÓN

  • Centro catalogador/agencia de origen: OSt
  • Centro/agencia transcriptor: OSt

150 ## - ENCABEZAMIENTO--TÉRMINO DE MATERIA

  • Término de materia o nombre geográfico como elemento de entrada: telemàtica

670 ## - FUENTE DE DATOS ENCONTRADOS

  • Cita de la fuente: Work cat.: (OSt)35174: Comissió Europea 33186, Tecnologías de la sociedad de la información: un programa de investigación, desarrollo tecnológico y demostración del V Programa Marco: programa de trabajo para el año 2000